Ornamental Bedding Plants. (Record no. 6593)

MARC details
000 -LEADER
fixed length control field 00503nam a22001937a 4500
003 - CONTROL NUMBER IDENTIFIER
control field OSt
005 - DATE AND TIME OF LATEST TRANSACTION
control field 20200206090510.0
008 - FIXED-LENGTH DATA ELEMENTS--GENERAL INFORMATION
fixed length control field 200206b ||||| |||| 00| 0 eng d
020 ## - INTERNATIONAL STANDARD BOOK NUMBER
International Standard Book Number 0851989012
040 ## - CATALOGING SOURCE
Transcribing agency DDC
082 ## - DEWEY DECIMAL CLASSIFICATION NUMBER
Classification number 635ARM 1994
100 ## - MAIN ENTRY--PERSONAL NAME
Personal name Armitage,M.Allan;
9 (RLIN) 13567
245 ## - TITLE STATEMENT
Title Ornamental Bedding Plants.
260 ## - PUBLICATION, DISTRIBUTION, ETC. (IMPRINT)
Place of publication, distribution, etc. USA;
Name of publisher, distributor, etc. CAB International,
Date of publication, distribution, etc. 1994.
300 ## - PHYSICAL DESCRIPTION
Extent vi,175p;
Other physical details ill;
Dimensions 22cm.
504 ## - BIBLIOGRAPHY, ETC. NOTE
Bibliography, etc Includes references and index.
650 ## - SUBJECT ADDED ENTRY--TOPICAL TERM
Topical term or geographic name as entry element Biology.
9 (RLIN) 5602
942 ## - ADDED ENTRY ELEMENTS (KOHA)
Source of classification or shelving scheme Dewey Decimal Classification
Koha item type Open Shelf
Holdings
Withdrawn status Lost status Source of classification or shelving scheme Damaged status Not for loan Home library Current library Date acquired Source of acquisition Inventory number Total Checkouts Full call number Barcode Date last seen Price effective from Koha item type
    Dewey Decimal Classification     MUST Main Library MUST Main Library 06/02/2020 Donation 03/18207   635ARM 1994 2020-0384 06/02/2020 06/02/2020 Open Shelf
    Dewey Decimal Classification     MUST Main Library MUST Main Library 06/02/2020 Donation 03/18209   635ARM 1994 2020-0385 06/02/2020 06/02/2020 Open Shelf
    Dewey Decimal Classification     MUST Main Library MUST Main Library 06/02/2020 Donation 03/18210   635ARM 1994 2020-0386 06/02/2020 06/02/2020 Open Shelf
    Dewey Decimal Classification     MUST Main Library MUST Main Library 06/02/2020 Donation 03/18208   635ARM 1994 2020-0387 06/02/2020 06/02/2020 Open Shelf
    Dewey Decimal Classification     MUST Main Library MUST Main Library 27/08/2024 Donation 03/18206   635ARM 1994 2024-22283 27/08/2024 27/08/2024 Open Shelf